Propuesta para la aplicación del examen escrito como parte del examen de grado Sistema EGA Examen General de Aptitudes : Manual del administrador

EGA (examen general de aptitudes) es una herramienta que mide habilidades en el evaluado. EGA trabaja en un ambiente Windows y es una aplicación monousuario. EGA genera, aplica y evalúa exámenes generales de aptitudes, las preguntas que se presentan al estudiante al momento de desarrollar un exam...

Full description

Bibliographic Details
Main Author: Carvajal Henríquez, Carolina del Carmen
Other Authors: Tutor: Quintana Bonilla, Marisela
Format: Tesis Section = Libro
Language:Undetermined
Spanish
Published: Managua UNI 1999
Subjects:
LEADER 01541nam a2200265Ia 4500
008 240830s9999 xx 000 0 und d
040 |a BIBLIOTECA-RUSB/ Mon 005.74 C331.Ma 
041 |a spa 
082 |a Mon 005.74 C331.Ma 
100 1 |a Carvajal Henríquez, Carolina del Carmen 
245 1 0 |a Propuesta para la aplicación del examen escrito como parte del examen de grado Sistema EGA Examen General de Aptitudes : Manual del administrador 
260 |a Managua  |b UNI  |c 1999 
300 |a 32 p. :il. 
502 |a Tesis (Ingeniero en Computación) - UNI, 1999. 
520 3 |a EGA (examen general de aptitudes) es una herramienta que mide habilidades en el evaluado. EGA trabaja en un ambiente Windows y es una aplicación monousuario. EGA genera, aplica y evalúa exámenes generales de aptitudes, las preguntas que se presentan al estudiante al momento de desarrollar un examen son resultados de una selección aleatoria de la base de datos. EGA incluye un DEMO con el objeto de preparar al estudiante para la realización del examen. De igual forma se presenta un archivo de ayuda para el estudiante con ciertos tips y estrategias a seguir al momento de realizar el examen. 
650 7 |a SISTEMAS DE INFORMACION - EXAMEN DE GRADO 
650 7 |b  EXAMEN ESCRITO - AUTOMATIZACION - UNI 
650 7 |c  MANUAL TECNICO 
650 7 |d  ESTUDIO DE FACTIBILIDAD - EGA 
650 7 |e  SEGURIDAD DE LOS DATOS 
650 7 |f  EXAMEN DE APTITUD 
700 1 |a Tutor:  |b Quintana Bonilla, Marisela 
942 |c BK  |2 ddc 
991 |a TESIS 
999 |c 19763